| 000 | 00722nam a22001937a 4500 | ||
|---|---|---|---|
| 005 | 20140303105738.0 | ||
| 008 | 140303b2007 ck ||||| |||| 00| 0 spa d | ||
| 020 | _a9789589810422 | ||
| 041 | _aspa | ||
| 044 | _ack | ||
| 082 |
_a350.093 _bI62o |
||
| 245 | 0 | 0 |
_aOrdenamiento ambiental de la zona costera del Departamento del Atlántico _cInvemar |
| 260 |
_aSanta Marta, Colombia _bInvemar _bCorporación Autónoma Regional del Atlántico CRA _c2007 |
||
| 300 |
_a588 p. _btablas, mapas _c28 cm. |
||
| 504 | _aIncluye referencias bibliográficas | ||
| 650 | 6 |
_aOrdenamiento ambiental _zAtlántico (Departamento, Colombia) _913209 |
|
| 710 |
_aCorporación Autónoma Regional del Atlántico CRA _913210 |
||
| 942 |
_2ddc _cImpreso |
||
| 999 |
_c8191 _d8191 |
||